[Event "14th IBCA World Chess Championship for Blind 2019"]
[Site "Cagliari"]
[Date "2019.04.11"]
[Round "6"]
[Board "36"]
[White "Began, Branko"]
[Black "Zenini, Simone"]
[Result "1-0"]
[WhiteElo "1862"]
[BlackElo "1435"]
[PlyCount "139"]
[EventDate "2019.04.06"]
[EventRounds "9"]
[EventCountry "ITA"]

1. d4 Nf6 2. Bf4 g6 3. e3 Bg7 4. Nf3 O-O 5. Bc4 d6 6. h3 Nc6 7. a3 Na5 8. Ba2
b6 9. O-O Bb7 10. Nbd2 Bd5 11. b3 c5 12. c4 Be6 13. Bb1 Qc8 14. Ra2 Nb7 15. d5
Bd7 16. e4 b5 17. Bc2 a6 18. Qe2 b4 19. a4 Nd8 20. e5 Ne8 21. Re1 Ra7 22. Qe3
Rc7 23. Ne4 a5 24. Bb1 Bf5 25. Rae2 Rd7 26. Ng3 Bxb1 27. Rxb1 Kh8 28. Bh6 Rc7
29. Rbe1 dxe5 30. Bxg7+ Nxg7 31. Nxe5 Nb7 32. Qe4 Nd6 33. Qf4 Ndf5 34. Nxf5
Nxf5 35. Nf3 Qd8 36. Qe5+ f6 37. Qe6 Nd6 38. Kh1 Kg7 39. Kg1 Rf7 40. Nd2 Qd7
41. g4 g5 42. Qxd7 Rxd7 43. Ne4 Nb7 44. Ng3 Nd6 45. Nf5+ Kf8 46. f3 Ra7 47. Kg2
Rd7 48. Kf2 Ke8 49. Re6 Nb7 50. Ra6 h6 51. Ra8+ Rd8 52. Rxd8+ Kxd8 53. Re6 Kd7
54. Ra6 Kc7 55. Ke3 Kd7 56. Ra8 Rh7 57. Rg8 Nd8 58. Rg7 Rxg7 59. Nxg7 e6 60.
dxe6+ Nxe6 61. Nxe6 Kxe6 62. Ke4 Kd6 63. Kf5 Ke7 64. Kg6 Ke6 65. Kxh6 Ke5 66.
Kg7 Ke6 67. Kg6 Ke7 68. Kf5 Kf7 69. f4 gxf4 70. Kxf4  1-0

[Event "14th IBCA World Chess Championship for Blind 2019"]
[Site "Cagliari"]
[Date "2019.04.11"]
[Round "6"]
[Board "37"]
[White "Hengles, Roberto Carlos"]
[Black "Morariu, Ionel"]
[Result "0-1"]
[WhiteElo "1740"]
[BlackElo "1862"]
[PlyCount "76"]
[EventDate "2019.04.06"]
[EventRounds "9"]
[EventCountry "ITA"]

1. e4 c5 2. Nf3 a6 3. d4 cxd4 4. Nxd4 Nf6 5. Bd3 e5 6. Ne2 b5 7. O-O Bb7 8. Ng3
d5 9. Re1 dxe4 10. Be2 Qxd1 11. Bxd1 Bc5 12. Nc3 Bb4 13. Bd2 a5 14. Be2 Bc6 15.
Bxb5 O-O 16. Bxc6 Nxc6 17. Ngxe4 Nxe4 18. Rxe4 Rad8 19. Be1 f5 20. Rc4 Nd4 21.
Na4 Bxe1 22. Rxe1 e4 23. Rc7 g6 24. Rc4 Ne6 25. Kf1 Nf4 26. g3 Nh3 27. Re2 Rd1+
28. Re1 Rd2 29. Re2 Rfd8 30. Rxd2 Rxd2 31. Kg2 Nxf2 32. Rc8+ Kg7 33. Nc5 Kh6
34. Ne6 Ng4+ 35. Kg1 Nxh2 36. c4 Nf3+ 37. Kf1 e3 38. Nf4 Rf2#  0-1

[Event "14th IBCA World Chess Championship for Blind 2019"]
[Site "Cagliari"]
[Date "2019.04.11"]
[Round "6"]
[Board "38"]
[White "Cizman, Gregor"]
[Black "Prpic, Milan"]
[Result "0-1"]
[WhiteElo "1564"]
[BlackElo "1829"]
[PlyCount "218"]
[EventDate "2019.04.06"]
[EventRounds "9"]
[EventCountry "ITA"]

1. d4 d5 2. Nf3 Nf6 3. c4 c6 4. Nc3 e6 5. Bg5 Bb4 6. e3 Qa5 7. Qb3 Ne4 8. Rc1
Nxg5 9. Nxg5 O-O 10. Bd3 h6 11. Nf3 Nd7 12. O-O Nf6 13. a3 Bd6 14. cxd5 exd5
15. h3 Re8 16. Qa4 Qd8 17. Qc2 Be6 18. Rfe1 Qd7 19. Ne5 Qc8 20. Bf1 Nd7 21. Nf3
Qd8 22. Bd3 Nf6 23. Bf5 Qd7 24. Bxe6 Rxe6 25. Na4 Ne4 26. Nc5 Nxc5 27. dxc5 Bc7
28. Rcd1 Rg6 29. Nh4 $11 Rg5 30. Nf3 Rg6 31. Nh4 Re6 32. Nf3 Rae8 33. Rd4 Qe7
34. b4 Rg6 35. Qf5 Rf6 36. Qh5 Re6 37. Red1 a6 38. Kh1 Qf6 39. R1d2 Re4 40. Ng1
R8e5 41. Qe2 Rxd4 42. Rxd4 Re6 43. Nf3 Qf5 44. Qd3 Qf6 45. Kg1 g5 46. Qd1 Kg7
47. g4 Bb8 48. Kg2 Qg6 49. Qd3 Qxd3 50. Rxd3 Kg6 51. Nd4 Re8 52. Nf5 h5 53. f3
h4 54. Kf2 f6 55. Ke2 Bc7 56. Kd1 Bb8 57. Kc2 Bh2 58. a4 Bc7 59. a5 Rd8 60. Kb3
$11 Kf7 61. Kc2 Ke6 62. Kd2 Rd7 63. Ke2 Bh2 64. Kd2 Be5 65. Ke2 Bb2 66. Kd2 Be5
67. Ke2 Bc7 68. Kd2 Bd8 69. Ke2 Be7 70. Kd2 Bd8 71. Ke2 Kf7 72. Kd2 Ke8 73. Kd1
Be7 74. Ke2 Bd8 75. Kd2 Bc7 76. Ke2 Be5 77. Kd2 Kf7 78. Ke2 Ke6 79. Kd2 Bh2 80.
Ke2 Bg1 81. Kf1 Bh2 82. Ke2 Be5 83. Kd2 Bb2 84. Kc2 Ba1 85. Kb1 Be5 86. Kc2 Bh2
87. Kd1 Bb8 88. Ke2 Bc7 89. Kd2 Bd8 90. Ke2 Be7 91. Kd2 Ke5 92. Ke2 Bf8 93. Kd2
d4 94. e4 Rd8 95. Ke2 Kf4 96. Kf2 Ke5 97. Ke2 Rd7 98. Kf2 Be7 99. Ke2 Bd8 100.
Kf2 Bc7 101. Ke2 Rd8 102. Kf2 Kf4 103. Ke2 Bb8 104. Kf2 Ke5 105. Ke2 Ke6 106.
Kf2 Bf4 107. Ke2 Bc1 108. Kd1 Bb2 109. Ke2 Bc3  0-1

[Event "14th IBCA World Chess Championship for Blind 2019"]
[Site "Cagliari"]
[Date "2019.04.11"]
[Round "6"]
[Board "39"]
[White "Christensen, Dan"]
[Black "L`Herbon De Lussats, Jean"]
[Result "1-0"]
[WhiteElo "1573"]
[BlackElo "1312"]
[PlyCount "103"]
[EventDate "2019.04.06"]
[EventRounds "9"]
[EventCountry "ITA"]

1. d4 Nf6 2. Nf3 g6 3. e3 Bg7 4. Bd3 O-O 5. Nbd2 a6 6. e4 d6 7. c3 Nbd7 8. Nc4
b5 9. Ne3 c6 10. a3 d5 11. e5 Ne4 12. Qc2 Nb6 13. Bxe4 dxe4 14. Qxe4 Nd5 15.
Ng4 f5 16. exf6 Nxf6 17. Nxf6+ Rxf6 18. Be3 Bf5 19. Qh4 Qf8 20. Ng5 h6 21. Nf3
g5 22. Qg3 Rd6 23. O-O Re8 24. Ne5 Bf6 25. h4 Qg7 26. hxg5 hxg5 27. Nf3 g4 28.
Nh2 Kf7 29. Qf4 Bd7 30. Qh6 e5 31. dxe5 Bxe5 32. Qh5+ Rg6 33. Bd4 Kf8 34. Bxe5
Rxe5 35. Qh4 Rh6 36. Qd8+ Re8 37. Qc7 Qh7 38. Rfe1 Qf7 39. Re5 Rxh2 40. Rxe8+
Qxe8 41. Qxh2 Qe2 42. Qd6+ Ke8 43. Rd1 Be6 44. Qxc6+ Kf7 45. Qd6 Kf6 46. Qd2
Qe4 47. Re1 Qc6 48. Qd4+ Kf7 49. Re4 Qc8 50. Qd6 Kf6 51. Rxg4 Kf5 52. Qf4#  1-0

[Event "14th IBCA World Chess Championship for Blind 2019"]
[Site "Cagliari"]
[Date "2019.04.11"]
[Round "6"]
[Board "40"]
[White "Atterberg, David"]
[Black "Tishuki, Daut"]
[Result "0-1"]
[WhiteElo "1109"]
[BlackElo "1547"]
[PlyCount "84"]
[EventDate "2019.04.06"]
[EventRounds "9"]
[EventCountry "ITA"]

1. d4 d5 2. Nf3 e6 3. e3 Nf6 4. Bd3 c5 5. b3 cxd4 6. exd4 Nc6 7. a3 a6 8. Bb2
b5 9. O-O Bb7 10. Nbd2 Bd6 11. Qe2 O-O 12. Ne5 Qc7 13. f4 Rae8 14. Rf3 Ne7 15.
Rh3 g6 16. Rf1 Nf5 17. g4 Ng7 18. Rf2 Nd7 19. Rg2 f6 20. Nxd7 Qxd7 21. Qf2 Kf7
22. Rxh7 Rh8 23. Rxh8 Rxh8 24. Nf1 Qc7 25. f5 exf5 26. Ng3 Rh4 27. Bc1 Bc8 28.
Ne2 Qd7 29. gxf5 Nxf5 30. Bxf5 Qxf5 31. Qxf5 Bxf5 32. Ng3 Be4 33. Nxe4 dxe4 34.
d5 Rf4 35. Re2 f5 36. Kg2 Rf3 37. Bb2 g5 38. Bc1 g4 39. Kh1 Rf1+ 40. Kg2 Rxc1
41. Rd2 e3 42. Re2 f4  0-1

[Event "14th IBCA World Chess Championship for Blind 2019"]
[Site "Cagliari"]
[Date "2019.04.12"]
[Round "7"]
[Board "1"]
[White "Smirnov, Alexey"]
[Black "Tazbir, Marcin"]
[Result "1/2-1/2"]
[WhiteElo "2451"]
[BlackElo "2540"]
[PlyCount "36"]
[EventDate "2019.04.06"]
[EventRounds "9"]
[EventCountry "ITA"]

1. Nf3 Nf6 2. c4 e6 3. Nc3 Bb4 4. g3 O-O 5. Bg2 b6 6. a3 Bxc3 7. dxc3 Bb7 8.
O-O d6 9. Bg5 h6 10. Bxf6 Qxf6 11. Qc2 Nc6 12. Rad1 Na5 13. b3 Rad8 14. e4 e5
15. Nh4 g6 16. Bh3 Nc6 17. Ng2 Qg5 18. Ne3 Ne7  1/2-1/2

[Event "14th IBCA World Chess Championship for Blind 2019"]
[Site "Cagliari"]
[Date "2019.04.12"]
[Round "7"]
[Board "2"]
[White "Dukaczewski, Piotr"]
[Black "Babarykin, Stanislav"]
[Result "1-0"]
[WhiteElo "2225"]
[BlackElo "2401"]
[PlyCount "71"]
[EventDate "2019.04.06"]
[EventRounds "9"]
[EventCountry "ITA"]

1. c4 e5 2. g3 Nc6 3. Bg2 Bc5 4. Nc3 a6 5. Nf3 d6 6. O-O Nge7 7. a3 O-O 8. e3
Ba7 9. b4 Be6 10. d3 Qd7 11. Re1 h6 12. Bb2 f5 13. Qe2 f4 14. d4 fxe3 15. fxe3
exd4 16. exd4 Nxd4 17. Nxd4 Bxd4+ 18. Kh1 Be5 19. Bxb7 Bg4 20. Qd2 Rab8 21. Bg2
Bh3 22. Nd5 Bxg2+ 23. Kxg2 Kh8 24. Bxe5 dxe5 25. Rxe5 Ng6 26. Re2 Qg4 27. Kh1
Qxc4 28. Rc1 Qb3 29. Re3 Qa4 30. Nxc7 Rf6 31. Qd1 Qxd1+ 32. Rxd1 Rc8 33. Rc1
Nf8 34. Rec3 Nd7 35. Kg2 Ne5 36. R1c2 {Time Black Zero}  1-0

[Event "14th IBCA World Chess Championship for Blind 2019"]
[Site "Cagliari"]
[Date "2019.04.12"]
[Round "7"]
[Board "3"]
[White "Tuka, Oleg"]
[Black "Nikac, Predrag"]
[Result "0-1"]
[WhiteElo "2367"]
[BlackElo "2297"]
[PlyCount "112"]
[EventDate "2019.04.06"]
[EventRounds "9"]
[EventCountry "ITA"]

1. d4 f5 2. Nf3 Nf6 3. g3 g6 4. Bg2 Bg7 5. c4 d6 6. Nc3 O-O 7. b3 e5 8. dxe5
dxe5 9. Qxd8 Rxd8 10. e4 Nc6 11. Bg5 Be6 12. Bxf6 Bxf6 13. O-O Nb4 14. Rad1 c6
15. Rfe1 Nc2 16. Rxd8+ Rxd8 17. Re2 Nd4 18. Re1 Nxf3+ 19. Bxf3 Rd3 20. Re3 Rd2
21. Re2 Rd4 22. Kg2 Kf7 23. Rc2 Be7 24. h4 a5 25. Ne2 Rd3 26. Nc1 Rd8 27. Ne2
Bb4 28. Nc3 Rd3 29. Nb1 Kf6 30. c5 a4 31. bxa4 Rd4 32. a3 Ba5 33. Rb2 Bc8 34.
exf5 gxf5 35. Be2 Rxa4 36. Rb3 Rd4 37. Rb2 e4 38. Rc2 Rd5 39. Nc3 Rd4 40. f3
Ke5 41. fxe4 fxe4 42. Kf2 Bf5 43. Ke3 Rd3+ 44. Bxd3 exd3 45. Rc1 d2 46. Kxd2
Kd4 47. Rf1 Bxc3+ 48. Kc1 Ke5 49. g4 Bxg4 50. Rf7 h5 51. Rxb7 Kd5 52. a4 Kxc5
53. Kc2 Be1 54. Kd3 Bxh4 55. a5 Be1 56. a6 Bc8  0-1

[Event "14th IBCA World Chess Championship for Blind 2019"]
[Site "Cagliari"]
[Date "2019.04.12"]
[Round "7"]
[Board "4"]
[White "Mueller, Oliver"]
[Black "Avram, Sretko"]
[Result "1-0"]
[WhiteElo "2253"]
[BlackElo "2120"]
[PlyCount "63"]
[EventDate "2019.04.06"]
[EventRounds "9"]
[EventCountry "ITA"]

1. d4 d5 2. c4 e6 3. Nf3 c6 4. Qc2 Nf6 5. g3 Nbd7 6. Bg2 Bb4+ 7. Bd2 Bxd2+ 8.
Nbxd2 O-O 9. O-O Qe7 10. Rfe1 e5 11. cxd5 Nxd5 12. e4 Nb4 13. Qb3 exd4 14. Nxd4
g6 15. a3 Na6 16. e5 Ndc5 17. Qe3 Kg7 18. b4 Ne6 19. N4f3 Nac7 20. Ne4 Nd5 21.
Qd2 f5 22. exf6+ Nxf6 23. Nc5 Nd5 24. Ng5 Ndc7 25. Ngxe6+ Bxe6 26. Bh3 Rf6 27.
Qe2 Re8 28. Rad1 Kf8 29. Bxe6 Rxe6 30. Nxe6+ Nxe6 31. Rd3 Ng7 32. Qf3+  1-0

[Event "14th IBCA World Chess Championship for Blind 2019"]
[Site "Cagliari"]
[Date "2019.04.12"]
[Round "7"]
[Board "5"]
[White "Kolpakov, Vladyslav"]
[Black "Janjic, Stefan"]
[Result "1/2-1/2"]
[WhiteElo "2150"]
[BlackElo "2090"]
[PlyCount "57"]
[EventDate "2019.04.06"]
[EventRounds "9"]
[EventCountry "ITA"]

1. e4 e6 2. d4 d5 3. e5 c5 4. c3 Qb6 5. Nf3 Nc6 6. a3 Nh6 7. b4 cxd4 8. cxd4
Nf5 9. Bb2 Bd7 10. g4 Nfe7 11. Nc3 Ng6 12. Na4 Qd8 13. Nc5 Bxc5 14. dxc5 Nh4
15. Rg1 Rc8 16. Rc1 Qe7 17. Nxh4 Qxh4 18. Qf3 Qxh2 19. Rg3 Qh4 20. Qf4 Ne7 21.
Rf3 O-O 22. Rh3 Ng6 23. Rxh4 Nxf4 24. g5 Ng6 25. Rh2 Rfd8 26. Bd3 Nf8 27. Kd2
g6 28. Bd4 a6 29. Rch1  1/2-1/2

[Event "14th IBCA World Chess Championship for Blind 2019"]
[Site "Cagliari"]
[Date "2019.04.12"]
[Round "7"]
[Board "6"]
[White "Dimic, Pavle"]
[Black "Wolanski, Michal"]
[Result "1/2-1/2"]
[WhiteElo "2333"]
[BlackElo "1935"]
[PlyCount "45"]
[EventDate "2019.04.06"]
[EventRounds "9"]
[EventCountry "ITA"]

1. d4 Nf6 2. Nf3 c5 3. d5 b5 4. Bg5 Qb6 5. Bxf6 Qxf6 6. c3 Qb6 7. e4 d6 8. h3
g6 9. Nbd2 Bg7 10. a4 b4 11. Nc4 Qb7 12. Qc2 O-O 13. Bd3 Na6 14. O-O Qc7 15.
Rfe1 Bb7 16. Nfd2 e6 17. Ne3 exd5 18. exd5 Rab8 19. Bb5 Qd8 20. Qd3 Nc7 $11 21.
Nb3 bxc3 22. bxc3 Ba6 23. Ra2  1/2-1/2

[Event "14th IBCA World Chess Championship for Blind 2019"]
[Site "Cagliari"]
[Date "2019.04.12"]
[Round "7"]
[Board "7"]
[White "Wassin, Sergej"]
[Black "Kishan, Gangolli"]
[Result "1/2-1/2"]
[WhiteElo "2262"]
[BlackElo "1950"]
[PlyCount "139"]
[EventDate "2019.04.06"]
[EventRounds "9"]
[EventCountry "ITA"]

1. d4 Nf6 2. Nf3 d5 3. c4 e6 4. g3 Bb4+ 5. Bd2 Bd6 6. Bg2 Nbd7 7. O-O c6 8. Qc2
O-O 9. Bf4 Bxf4 10. gxf4 b6 11. Ne5 Nxe5 12. fxe5 Ng4 13. Nd2 Bb7 14. e3 Rc8
15. Rac1 c5 16. Qd1 Nh6 17. cxd5 Bxd5 18. e4 Bb7 19. dxc5 Ba6 20. Re1 bxc5 21.
Nf3 Qa5 22. a3 Rfd8 23. Qc2 c4 24. Qc3 Qb6 25. Red1 Ng4 26. Rxd8+ Rxd8 27. Rc2
Rd3 28. Qe1 Qb8 29. Qa5 Qb6 30. Qxb6 axb6 31. h3 Nh6 32. Rd2 f6 33. Rxd3 cxd3
34. exf6 gxf6 35. Nd2 Nf7 36. f3 e5 37. Kf2 Ng5 38. b4 Ne6 39. a4 Nf4 40. b5
Bc8 41. h4 Kf8 42. Bf1 Ke7 43. Ke3 Kd6 44. Bxd3 Kc5 45. Bc2 Ng2+ 46. Kf2 Nxh4
47. Nf1 Ng6 48. Ne3 Nf4 49. Bb3 Kb4 50. Bg8 Kxa4 51. Nc4 Bh3 52. Nxb6+ Kxb5 53.
Nd5 Nxd5 54. Bxd5 Kc5 55. Bg8 h6 56. Kg3 Bd7 57. Kh4 Be8 58. f4 exf4 59. Kg4
Kd4 60. Kxf4 Bg6 61. Bd5 h5 62. Bc6 h4 63. Kg4 Bxe4 64. Bd7 Ke5 65. Kxh4 Kf4
66. Bb5 Ke3 67. Bd7 Kd4 68. Kg3 Ke5 69. Kf2 f5 70. Bxf5  1/2-1/2

[Event "14th IBCA World Chess Championship for Blind 2019"]
[Site "Cagliari"]
[Date "2019.04.12"]
[Round "7"]
[Board "8"]
[White "Deniz, Ugur"]
[Black "Jandric, Damjan"]
[Result "0-1"]
[WhiteElo "1871"]
[BlackElo "2196"]
[PlyCount "126"]
[EventDate "2019.04.06"]
[EventRounds "9"]
[EventCountry "ITA"]

1. e4 c5 2. Nf3 d6 3. Bb5+ Bd7 4. Bxd7+ Nxd7 5. O-O Ngf6 6. Qe2 e6 7. b3 Be7 8.
Bb2 O-O 9. d4 cxd4 10. Nxd4 a6 11. c4 Qa5 12. Nc3 Rfc8 13. Kh1 Qh5 14. Qxh5
Nxh5 15. Rac1 Nc5 16. Nde2 Nd3 17. Rc2 Nxb2 18. Rxb2 Rab8 19. a4 Nf6 20. f3 Nd7
21. Rd1 Ne5 22. Rbd2 Nc6 23. Kg1 Na5 24. Rb1 Rc6 25. Rd3 Rb6 26. b4 Nxc4 27. b5
axb5 28. axb5 d5 29. exd5 Rd8 30. Rdd1 Ne3 31. Rd3 Nxd5 32. Rbd1 Rbd6 33. Ne4
R6d7 34. Nf4 Nb6 35. Rxd7 Rxd7 36. Rxd7 Nxd7 37. Nd3 f5 38. Nc3 Kf7 39. Kf1 Bd6
40. h3 e5 41. g4 g6 42. Ke2 Ke6 43. Ke3 Nb6 44. Ke2 Nd5 45. Na4 b6 46. Ndb2 Bc7
47. Nc4 Kf6 48. h4 fxg4 49. fxg4 h5 50. Kf3 hxg4+ 51. Kxg4 e4 52. Nab2 Nc3 53.
Ne3 Ke5 54. Kg5 Bd8+ 55. Kxg6 Bxh4 56. Kh5 Bd8 57. Kg4 Nxb5 58. Nbd1 Kd4 59.
Kg3 Nc3 60. Kf2 Bh4+ 61. Kf1 b5 62. Nf5+ Kc4 63. Nxh4 Nxd1  0-1

[Event "14th IBCA World Chess Championship for Blind 2019"]
[Site "Cagliari"]
[Date "2019.04.12"]
[Round "7"]
[Board "9"]
[White "Streltsov, Alexey"]
[Black "Zsiltzova-Lisenko, Lubov"]
[Result "1/2-1/2"]
[WhiteElo "2131"]
[BlackElo "2191"]
[PlyCount "109"]
[EventDate "2019.04.06"]
[EventRounds "9"]
[EventCountry "ITA"]

1. e4 c5 2. Nf3 a6 3. c4 Nc6 4. Be2 g6 5. d4 cxd4 6. Nxd4 Bg7 7. Be3 Nf6 8. Nc3
O-O 9. O-O d6 10. Qd2 Bd7 11. f4 Rb8 12. Rac1 b5 13. cxb5 Nxd4 14. Bxd4 axb5
15. e5 dxe5 16. fxe5 Ng4 17. Rcd1 Bh6 18. Qd3 b4 19. Ne4 Bg7 20. h3 Nh6 21. Ba7
Ba4 22. b3 Qxd3 23. Bxd3 Rb7 24. Be3 Bb5 25. Nc5 Bxd3 26. Rxd3 Rb5 27. g4 Rc8
28. e6 f5 29. g5 f4 30. gxh6 fxe3 31. hxg7 Rbxc5 32. Rxe3 Kxg7 33. Rf7+ Kg8 34.
Kf2 Rc2+ 35. Re2 R2c6 36. Rf4 Rf8 37. Ree4 Rc2+ 38. Kf3 Rxa2 39. Rxb4 Rxf4+ 40.
Kxf4 Kg7 41. Ke5 Ra5+ 42. Kf4 Kf6 43. Rb6 Rf5+ 44. Kg4 g5 45. b4 Rf4+ 46. Kg3
h5 47. b5 Rb4 48. Kf3 Rb3+ 49. Kg2 Kf5 50. Rb8 Kxe6 51. b6 g4 52. hxg4 hxg4 53.
b7 Ke5 54. Kf2 Ke4 55. Kg2  1/2-1/2

[Event "14th IBCA World Chess Championship for Blind 2019"]
[Site "Cagliari"]
[Date "2019.04.12"]
[Round "7"]
[Board "10"]
[White "Aryan, B Joshi"]
[Black "Stachanczyk, Jacek"]
[Result "0-1"]
[WhiteElo "1864"]
[BlackElo "2163"]
[PlyCount "48"]
[EventDate "2019.04.06"]
[EventRounds "9"]
[EventCountry "ITA"]

1. e4 c5 2. Nf3 d6 3. d4 cxd4 4. Nxd4 Nf6 5. Nc3 Nc6 6. Be3 e5 7. Nde2 Be6 8.
Qd2 Be7 9. Bg5 O-O 10. Bxf6 Bxf6 11. Rd1 Bg5 12. Qxd6 Qb6 13. Nd5 Bxd5 14. Rxd5
Rfd8 15. Qc5 Bd2+ 16. Kd1 Qxc5 17. Rxc5 Nb4 18. Rc4 b5 19. Rc7 Nxa2 20. c3
Bxc3+ 21. Kc2 Rd2+ 22. Kb3 Rxb2+ 23. Ka3 b4+ 24. Ka4 Rb8  0-1

[Event "14th IBCA World Chess Championship for Blind 2019"]
[Site "Cagliari"]
[Date "2019.04.12"]
[Round "7"]
[Board "11"]
[White "Chojnowski, Marcin"]
[Black "Pribeanu, Mihail-Dacian"]
[Result "0-1"]
[WhiteElo "2083"]
[BlackElo "2198"]
[PlyCount "70"]
[EventDate "2019.04.06"]
[EventRounds "9"]
[EventCountry "ITA"]

1. e4 c6 2. d4 d5 3. Nc3 dxe4 4. Nxe4 Bf5 5. Ng3 Bg6 6. Nh3 e6 7. Nf4 Bd6 8.
Nxg6 hxg6 9. Ne4 Be7 10. Be2 Nf6 11. Nxf6+ gxf6 12. Bf4 Nd7 13. O-O g5 14. Bg3
f5 15. f3 Qb6 16. a4 a5 17. Kh1 O-O-O 18. b4 Bxb4 19. Qd3 Nf6 20. Be5 Nh5 21.
Bxh8 Rxh8 22. f4 Nxf4 23. Rxf4 Qc7 24. Raf1 gxf4 25. Bf3 Rd8 26. c4 Qd7 27. Rd1
e5 28. Qc2 e4 29. Be2 Qe7 30. c5 Qh4 31. h3 Qf2 32. Qc4 f3 33. Bf1 Bd2 34. Qxf7
Be3 35. Qxf5+ Kb8  0-1

[Event "14th IBCA World Chess Championship for Blind 2019"]
[Site "Cagliari"]
[Date "2019.04.12"]
[Round "7"]
[Board "12"]
[White "Magnusson, Jorgen"]
[Black "Clemente Llamero, Roberto"]
[Result "1-0"]
[WhiteElo "2301"]
[BlackElo "2117"]
[PlyCount "71"]
[EventDate "2019.04.06"]
[EventRounds "9"]
[EventCountry "ITA"]

1. c4 e5 2. g3 d6 3. Nc3 f5 4. Bg2 Nf6 5. e3 Be7 6. Nge2 O-O 7. O-O c6 8. d4
Na6 9. e4 exd4 10. Nxd4 fxe4 11. Nxe4 Nc5 12. Nc3 a5 13. Re1 Bg4 14. f3 Bd7 15.
g4 Ne8 16. Be3 Bg5 17. Qd2 Bxe3+ 18. Qxe3 Qf6 19. Rad1 Nc7 20. Qd2 Rad8 21. Nb3
Be6 22. Nxc5 dxc5 23. Ne4 Qd4+ 24. Qxd4 cxd4 25. b3 Bc8 26. c5 Ne6 27. Bf1 Kh8
28. Bc4 h6 29. Bxe6 Bxe6 30. Nd6 Bd5 31. Rxd4 Bxf3 32. Nf7+ Rxf7 33. Rxd8+ Kh7
34. Rf1 Rf4 35. h3 h5 36. gxh5  1-0

[Event "14th IBCA World Chess Championship for Blind 2019"]
[Site "Cagliari"]
[Date "2019.04.12"]
[Round "7"]
[Board "13"]
[White "Grigorchuk, Sergey"]
[Black "Zoltek, Tadeusz"]
[Result "1-0"]
[WhiteElo "2236"]
[BlackElo "2092"]
[PlyCount "101"]
[EventDate "2019.04.06"]
[EventRounds "9"]
[EventCountry "ITA"]

1. d4 Nf6 2. c4 c5 3. d5 g6 4. Nc3 d6 5. e4 Bg7 6. Be2 O-O 7. Bg5 b5 8. cxb5 a6
9. a4 Qa5 10. Bd2 Qb4 11. f3 c4 12. a5 axb5 13. Na4 Qb3 14. Qxb3 cxb3 15. Bxb5
Nfd7 16. Ra3 Na6 17. Ne2 Nac5 18. Nxc5 Nxc5 19. Bc3 Ba6 20. Bxa6 Rxa6 21. Bxg7
Kxg7 22. Kd2 e5 23. dxe6 fxe6 24. Rc1 e5 25. Rc3 Rfa8 26. Nc1 Rxa5 27. Rxa5
Rxa5 28. Nxb3 Rb5 29. Nxc5 dxc5 30. b3 Ra5 31. Rc2 Kf6 32. Kc3 h5 33. g3 g5 34.
Kc4 Ke6 35. Rd2 Ra8 36. Kxc5 Rc8+ 37. Kb4 Rf8 38. Rd3 g4 39. fxg4 hxg4 40. Kc5
Rc8+ 41. Kb6 Rc2 42. b4 Re2 43. b5 Rxe4 44. Kc5 Re1 45. b6 Rb1 46. Rc3 e4 47.
Rc4 Ke5 48. Rb4 Rc1+ 49. Kb5 Rc8 50. b7 Rb8 51. Kc4  1-0

[Event "14th IBCA World Chess Championship for Blind 2019"]
[Site "Cagliari"]
[Date "2019.04.12"]
[Round "7"]
[Board "14"]
[White "Suder, Ryszard"]
[Black "Komissarov, Alexey"]
[Result "1/2-1/2"]
[WhiteElo "2052"]
[BlackElo "2207"]
[PlyCount "116"]
[EventDate "2019.04.06"]
[EventRounds "9"]
[EventCountry "ITA"]

1. Nf3 Nf6 2. d4 g6 3. Nc3 d5 4. Bf4 Bg7 5. e3 O-O 6. h3 c5 7. Be2 Nc6 8. O-O
Ne4 9. Na4 cxd4 10. exd4 Bd7 11. c4 dxc4 12. Bxc4 Nxd4 13. Nxd4 Bxa4 14. Qxa4
Qxd4 15. Rad1 Qxb2 16. Bxf7+ Rxf7 17. Qxe4 Raf8 18. Be3 Qxa2 19. Qxb7 a5 20.
Rd7 a4 21. Rfd1 Qb3 22. Rb1 Qxb7 23. Rbxb7 e6 24. Bc5 Rxd7 25. Rxd7 Ra8 26. Rd3
Bb2 27. Ba3 Bxa3 28. Rxa3 Kf8 29. Kf1 Ke7 30. Ke2 Kd6 31. Kd3 Kc5 32. Kc3 e5
33. Kb2 Ra7 34. Rd3 e4 35. Re3 Kd4 36. Re2 g5 37. Ka3 Kd3 38. Re3+ Kd4 39. Re2
h6 40. Re3 Rf7 41. Re2 Ra7 42. Re3 Rb7 43. Re2 Rb1 44. Kxa4 Rg1 45. g3 Rh1 46.
Kb4 Rxh3 47. Rd2+ Ke5 48. Kc4 Rh1 49. Rd5+ Ke6 50. Ra5 Rh2 51. Kd4 Rxf2 52.
Kxe4 Kf6 53. Ra6+ Kg7 54. Rb6 Rf6 55. Rb1 Kg6 56. Ke5 g4 57. Ke4 Rf3 58. Rb6+
Rf6 $11  1/2-1/2

[Event "14th IBCA World Chess Championship for Blind 2019"]
[Site "Cagliari"]
[Date "2019.04.12"]
[Round "7"]
[Board "15"]
[White "Adiyaman, Rene"]
[Black "Dobierzin, Olaf"]
[Result "0-1"]
[WhiteElo "2195"]
[BlackElo "1992"]
[PlyCount "104"]
[EventDate "2019.04.06"]
[EventRounds "9"]
[EventCountry "ITA"]

1. e4 c5 2. c3 Nf6 3. e5 Nd5 4. Nf3 Nc6 5. d4 cxd4 6. cxd4 d6 7. Bc4 Nb6 8. Bb5
dxe5 9. Nxe5 Bd7 10. Bxc6 Bxc6 11. Nxc6 bxc6 12. O-O g6 13. Re1 Bg7 14. Bg5 Nc8
15. Qa4 Qb6 16. Nc3 O-O 17. Rad1 h6 18. Be3 Qxb2 19. Qxc6 Nb6 20. Rb1 Qa3 21.
Rb3 Qa6 22. Qf3 Rac8 23. g3 e6 24. Reb1 Qa5 25. Nb5 Nc4 26. Qe2 a6 27. Na7 Rc7
28. Rb7 Nxe3 29. fxe3 Ra8 30. Nc6 Rxb7 31. Nxa5 Rxb1+ 32. Kg2 Rb5 33. Nb3 Rab8
34. Qc4 a5 35. Qa4 e5 36. Kh3 exd4 37. exd4 Rh5+ 38. Kg2 Rd5 39. h4 Kh7 40. Kh3
Rbd8 41. Qc4 R8d7 42. Qa6 Bxd4 43. Nxd4 Rxd4 44. Qxa5 h5 45. Kg2 $11 Rd2+ 46.
Kf3 R7d3+ 47. Ke4 Rd4+ 48. Ke5 Kg7 49. Qa7 Rd7 50. Qa5 Re7+ 51. Kf4 Rf2+ 52.
Kg5 f6#  0-1

[Event "14th IBCA World Chess Championship for Blind 2019"]
[Site "Cagliari"]
[Date "2019.04.12"]
[Round "7"]
[Board "16"]
[White "Nizam, Rasim"]
[Black "Patra, Subhendu Kumar"]
[Result "0-1"]
[WhiteElo "2166"]
[BlackElo "1747"]
[PlyCount "86"]
[EventDate "2019.04.06"]
[EventRounds "9"]
[EventCountry "ITA"]

1. e4 e5 2. Nf3 Nc6 3. Bb5 Nf6 4. O-O Nxe4 5. Re1 Nd6 6. Nxe5 Be7 7. Nc3 Nxb5
8. Nxb5 Nxe5 9. Rxe5 d6 10. Re1 O-O 11. d4 Bf6 12. c4 a6 13. Nc3 Re8 14. Be3
Bf5 15. Qf3 Bd3 16. b3 c6 17. Qd1 Bg6 18. Qd2 Qd7 19. Bg5 Rxe1+ 20. Rxe1 Bxg5
21. Qxg5 Re8 22. Rxe8+ Qxe8 23. Qe3 Kf8 24. Qxe8+ Kxe8 25. b4 Kd7 26. f3 c5 27.
dxc5 dxc5 28. a3 Kc6 29. b5+ axb5 30. cxb5+ Kb6 31. Kf2 Bd3 32. a4 Ka5 33. Ke3
Bc2 34. Nd5 Bxa4 35. Ne7 b6 36. Nc8 Bxb5 37. Nd6 Bc6 38. Nxf7 b5 39. Ne5 Be8
40. Nd3 c4 41. Nc5 b4 42. Kd4 c3 43. Nd3 g5  0-1

[Event "14th IBCA World Chess Championship for Blind 2019"]
[Site "Cagliari"]
[Date "2019.04.12"]
[Round "7"]
[Board "17"]
[White "Aguilar Sevilla, Diego"]
[Black "Schulz, Gert"]
[Result "1-0"]
[WhiteElo "2124"]
[BlackElo "1995"]
[PlyCount "83"]
[EventDate "2019.04.06"]
[EventRounds "9"]
[EventCountry "ITA"]

1. d4 Nf6 2. Nf3 e6 3. c4 Bb4+ 4. Bd2 Qe7 5. g3 Nc6 6. Bg2 Bxd2+ 7. Nbxd2 d6 8.
O-O O-O 9. e4 e5 10. d5 Nb8 11. b4 a5 12. a3 axb4 13. axb4 Rxa1 14. Qxa1 Na6
15. Qc3 c5 16. dxc6 bxc6 17. c5 dxc5 18. bxc5 Nd7 19. Nb3 f6 20. Rc1 Ndb8 21.
Bf1 Rd8 22. Ra1 Kf8 23. Nh4 g6 24. Ng2 Kg7 25. Ne3 Qb7 26. Na5 Qb4 27. Qxb4
Nxb4 28. Rb1 N4a6 29. Rb6 Nd7 30. Rxc6 Naxc5 31. Rc7 Nxe4 32. Nc6 Rf8 33. Na7
Nd6 34. Nxc8 Nxc8 35. Rxd7+ Rf7 36. Rd8 Rf8 37. Rd1 Nb6 38. Nc4 Na4 39. Ra1 Nc5
40. Nd6 Ne6 41. Ra7+ Kh8 42. Nf7+  1-0